000 00298nam a2200097Ia 4500
005 20251222114407.0
008 251222s1900||||xx |||||||||||||| ||spa||
082 _aDVD0099/P12/2002
245 0 _aPack your six senses: Peru land of the inkas:Conecta tus seis sentidos: PerĂº tierra de incas
942 _cDVD
999 _c1896
_d1896